Los procesos independentistas iberoamericanos en los manuales de historia
Gardado en:
| Autor Principal: | |
|---|---|
| Formato: | Libro |
| Idioma: | Lingua castelá |
| Publicado: |
Madrid
Fundación Mapfre
2005
|
| Series: | Historia, Enseñanza y Dimensión Iberoamericana, 2
|
| Subjects: | |
| Tags: |
Engadir etiqueta
Sen Etiquetas, Sexa o primeiro en etiquetar este rexistro!
|
MARC
| LEADER | 00000nam a2200000 a 4500 | ||
|---|---|---|---|
| 001 | UCI5409 | ||
| 003 | CL-VaPUC | ||
| 008 | 080328e20050000SP |||||||||||||||||spa|d | ||
| 020 | |a 8484790649o.c | ||
| 020 | |a 8484790657v.1 | ||
| 020 | |a 9788498440294v.2 | ||
| 082 | 0 | 4 | |a 980 |b VAL |2 21 |
| 100 | 0 | |a Valls, Rafael |e author |9 527761 | |
| 245 | 1 | 4 | |a Los procesos independentistas iberoamericanos en los manuales de historia |
| 300 | |a v | ||
| 942 | |c BK | ||
| 945 | |d 20080328 00:00:00 |a rbrito | ||
| 260 | |a Madrid |b Fundación Mapfre |c 2005 | ||
| 500 | |a v.2 : Argentina, Chile, Paraguay, Uruguay | ||
| 650 | 0 | |a Enseñanza de la historia |9 307330 | |
| 650 | 0 | |a Historia de Chile |9 265473 | |
| 650 | 0 | |a Historia de Argentina |9 319851 | |
| 650 | 7 | |a HISTORIA DE PARAGUAY |2 CL-VaPUC |9 527762 | |
| 650 | 7 | |a HISTORIA DE URUGUAY |2 CL-VaPUC |9 527763 | |
| 651 | 7 | |a CHILE |2 CL-VaPUC |9 527764 | |
| 651 | 0 | |a Argentina |9 254888 | |
| 651 | 0 | |a Paraguay |9 255336 | |
| 651 | 0 | |a Uruguay |9 255194 | |
| 583 | |a last modification |c 20080328 00:00:00 |k Rodrigo Vera | ||
| 490 | 0 | |a Historia, Enseñanza y Dimensión Iberoamericana, 2 | |
| 999 | |c 329157 |d 329155 | ||
| 952 | |0 0 |1 0 |4 0 |6 980_000000000000000_VAL_2005 |7 0 |8 A |9 413507 |a BIBEDU |b BIBEDU |d 2019-11-22 |h v.2 |i 4418999 |o 980 VAL 2005 |p 4418999 |r 2019-11-22 |w 2019-11-22 |y BK |k EPE | ||
| 952 | |0 0 |1 0 |4 0 |6 980_000000000000000_VAL_2005 |7 0 |8 X |9 413508 |a FDOBUD |b FDOBUD |d 2019-11-22 |h v.1 |i 4598393 |o 980 VAL 2005 |p 4598393 |r 2019-11-22 |w 2019-11-22 |y BK_X |k BUD | ||